| 000 | 00655nam a2200181Ia 4500 | ||
|---|---|---|---|
| 008 | 090630s9999 xx 000 0 und d | ||
| 082 | _b25575 | ||
| 100 | _aपवार बा. ग. | ||
| 245 |
_aशासकीय रेखाकला परीक्षा. _cपवार बा. ग. |
||
| 260 |
_bमातृभूमी - पुणे. _c2002 |
||
| 300 | _a55 | ||
| 600 | _aपवार बा. ग. | ||
| 630 | _aशासकीय रेखाकला परीक्षा. | ||
| 655 | _aइतर. | ||
| 700 | _aपवार बा. ग. | ||
| 730 | _aशासकीय रेखाकला परीक्षा. | ||
| 942 | _cBOOK | ||
| 999 |
_c277431 _d277431 |
||